<?xml version="1.0" encoding="UTF-8"?><?xml-stylesheet type="text/xsl" href="static/style.xsl"?><OAI-PMH xmlns="http://www.openarchives.org/OAI/2.0/" xmlns:xsi="http://www.w3.org/2001/XMLSchema-instance" xsi:schemaLocation="http://www.openarchives.org/OAI/2.0/ http://www.openarchives.org/OAI/2.0/OAI-PMH.xsd"><responseDate>2026-04-18T23:37:43Z</responseDate><request verb="GetRecord" identifier="oai:repisalud.isciii.es:20.500.12105/16576" metadataPrefix="marc">https://repisalud.isciii.es/rest/oai/request</request><GetRecord><record><header><identifier>oai:repisalud.isciii.es:20.500.12105/16576</identifier><datestamp>2024-09-27T09:37:57Z</datestamp><setSpec>com_20.500.12105_19604</setSpec><setSpec>com_20.500.12105_2051</setSpec><setSpec>col_20.500.12105_19605</setSpec></header><metadata><record xmlns="http://www.loc.gov/MARC21/slim" xmlns:dcterms="http://purl.org/dc/terms/" xmlns:doc="http://www.lyncode.com/xoai" xmlns:xsi="http://www.w3.org/2001/XMLSchema-instance" xsi:schemaLocation="http://www.loc.gov/MARC21/slim http://www.loc.gov/standards/marcxml/schema/MARC21slim.xsd">
   <leader>00925njm 22002777a 4500</leader>
   <datafield ind2=" " ind1=" " tag="042">
      <subfield code="a">dc</subfield>
   </datafield>
   <datafield ind2=" " ind1=" " tag="720">
      <subfield code="a">Laguillo-Gómez, Andrea</subfield>
      <subfield code="e">author</subfield>
   </datafield>
   <datafield ind2=" " ind1=" " tag="720">
      <subfield code="a">Calvo, Enrique</subfield>
      <subfield code="e">author</subfield>
   </datafield>
   <datafield ind2=" " ind1=" " tag="720">
      <subfield code="a">Martín-Cófreces, Noa</subfield>
      <subfield code="e">author</subfield>
   </datafield>
   <datafield ind2=" " ind1=" " tag="720">
      <subfield code="a">Lozano-Prieto, Marta</subfield>
      <subfield code="e">author</subfield>
   </datafield>
   <datafield ind2=" " ind1=" " tag="720">
      <subfield code="a">Sánchez-Madrid, Francisco</subfield>
      <subfield code="e">author</subfield>
   </datafield>
   <datafield ind2=" " ind1=" " tag="720">
      <subfield code="a">Vazquez, Jesus</subfield>
      <subfield code="e">author</subfield>
   </datafield>
   <datafield ind2=" " ind1=" " tag="260">
      <subfield code="c">2023-09-15</subfield>
   </datafield>
   <datafield ind2=" " ind1=" " tag="520">
      <subfield code="a">Open-search methods allow unbiased, high-throughput identification of post-translational modifications in proteins at an unprecedented scale. The performance of current open-search algorithms is diminished by experimental errors in the determination of the precursor peptide mass. In this work we propose a semi-supervised open search approach, called ReCom, that minimizes this effect by taking advantage of a priori known information from a reference database, such as Unimod or a database provided by the user. We present a proof-of-concept study using Comet-ReCom, an improved version of Comet-PTM. Comet-ReCom increased identification performance of Comet-PTM by 68%. This increased performance of Comet-ReCom to score the MS/MS spectrum comes in parallel with a significantly better assignation of the monoisotopic peak of the precursor peptide in the MS spectrum, even in cases of peptide coelution. Our data demonstrate that open searches using ultra-tolerant mass windows can benefit from using a semi-supervised approach that takes advantage from previous knowledge on the nature of protein modifications. SIGNIFICANCE: The present study introduces a novel approach to ultra-tolerant database search, which employs prior knowledge of post-translational modifications (PTMs) to improve identification of modified peptides. This method addresses the limitations related to experimental errors and precursor mass assignation of previous open-search methods. Thus, it enables the study of the biological significance of a wider variety of PTMs, including unknown or unexpected modifications that may have gone unnoticed using non-supervised search methods.</subfield>
   </datafield>
   <datafield ind1="8" ind2=" " tag="024">
      <subfield code="a">J Proteomics. 2023 Sep 15:287:104968.</subfield>
   </datafield>
   <datafield ind1="8" ind2=" " tag="024">
      <subfield code="a">http://hdl.handle.net/20.500.12105/16576</subfield>
   </datafield>
   <datafield ind1="8" ind2=" " tag="024">
      <subfield code="a">37463622</subfield>
   </datafield>
   <datafield ind1="8" ind2=" " tag="024">
      <subfield code="a">10.1016/j.jprot.2023.104968</subfield>
   </datafield>
   <datafield ind1="8" ind2=" " tag="024">
      <subfield code="a">1876-7737</subfield>
   </datafield>
   <datafield ind1="8" ind2=" " tag="024">
      <subfield code="a">Journal of proteomics</subfield>
   </datafield>
   <datafield ind2="0" ind1="0" tag="245">
      <subfield code="a">ReCom: A semi-supervised approach to ultra-tolerant database search for improved identification of modified peptides.</subfield>
   </datafield>
</record></metadata></record></GetRecord></OAI-PMH>